000 00315nam a2200133Ia 4500
008 240624s9999 xx 000 0 und d
041 _aeng
082 _a823 BAL
100 _aBALDACCI DAVID
245 _aSIXTH MAN
260 _c2011
_aNew Delhi
_bPan Macmillan
300 _a593 : p. : cm. ; 20
365 _cRS
_b25
999 _c20005
_d20005